000
00321 a2200145 4500
001
195022
040
_c
Magnum
100
_a
Rey, Marcos
240
1
0
_a
O rapto do garoto de ouro
_l
por
245
1
0
_a
O rapto do garoto de ouro
300
_a
155
440
1
_a
Ática
697
_a
LITERATURA INFANTO-JUVENIL
942
_c
BK
999
_c
195022
_d
195022